|
|
|
|
| LEADER |
00000nam a22000007i 4500 |
| 001 |
IT\ICCU\UBO\3641840 |
| 003 |
ItRI |
| 005 |
20260115232226.0 |
| 008 |
090528q19001999it |||||| ||||| |||||c |
| 040 |
|
|
|b ita
|c importazione bologna sebina
|
| 041 |
|
7 |
|a ita
|2 ISO-639-2
|
| 110 |
2 |
|
|a Lega italiana lotta all'AIDS
|0 IT\ICCU\BVEV\014764
|4 aut
|
| 245 |
0 |
0 |
|a Statuto.
|
| 260 |
|
|
|a Bologna :
|b LILA,
|c [19..?]
|
| 300 |
|
|
|a 1 v. :
|b 21 cm
|
| 500 |
|
|
|a Senza paginazione.
|
| 791 |
2 |
|
|a LILA
|3 IT\ICCU\BVEV\014768
|z Lega italiana lotta all'AIDS
|
| 942 |
|
|
|2 ddc
|c BK
|n 0
|
| 952 |
|
|
|0 0
|1 0
|4 0
|6 A_342_450000000000000_LIL
|7 0
|9 22362
|a BO
|b BO
|d 2026-01-15
|i 5870
|l 0
|o A 342.450 LIL
|p BO5870
|r 2026-01-15 23:22:26
|w 2026-01-15
|x [Sebina 7] [1 v.]
|y BK
|z 1 v.
|
| 999 |
|
|
|c 19096
|d 19096
|